000 01007nam a22003137a 4500
005 20251108173134.0
008 250721s2001 xx 000 0 ara d
082 1 4 _aم/ط//591.03/ موس
245 1 0 _aموسوعة الحيوان /
264 1 _aدمشق :
_bدار الرشيد،
_c2001.
300 _aج6
490 0 _aالمناطق الجغرافية للحيوانات
_v1
490 0 _aنمط حياة الحيوانات
_v2
490 0 _aالحيوانات البحرية
_v3
490 0 _aالبرمائيات و الزواحف
_v4
490 0 _aالطيور
_v5
490 0 _aالثدييات (1)
_v6
490 0 _aالثدييات (2)
_v7
650 1 7 _aالمناطق الجغرافية
650 1 7 _aالحيوانات المائية
650 1 7 _aالبيئة
650 1 7 _aالطيور
650 1 7 _aالثدييات
650 1 7 _aالبرمائيات
650 1 7 _aالزواحف
653 _aناشئون صغار (10-14) سنة
942 _2ddc
_cBK
999 _c96961
_d96961